000 01280nam a2200193Ia 4500
003 Ost
005 20260507075804.0
008 260507s9999||||xx |||||||||||||| ||und||
040 _cfsecg
041 _aara
100 _aمحمد، عادل مبروك
_eمؤلف
245 0 _aإدارة الاصول الرأسمالية (ك23) /
_c عادل مبروك محمد
260 _aالقاهرة:
_bمطبعة مركز التعليم المفتوح,
_c(د.ت)
300 _bإيضاحات ؛
_c24 سم
504 _aمراجع ص ص.291-293
520 _aطبيعة الاصول الراسمالية، محددات إدارة الاصول الراسمالية، تحديد الاحتياجات من الاصول الراسمالية، تخطيط ورقابة النفقات الاستثمارية الموازنة الراسمالية ، مصادر تمويل الاصول الرأسمالية ، استخدامات مصادر تمويل الاصول الراسمالية، نظم ادارة تنفيذ المشروعات الرأسمالية، الاساليب التحليلية لانتاجية وربحية الاصول الراسمالية، القرارات الخاصة بادارة الاصول الراسمالية
653 _aالرأسمالية
942 _cكتاب
999 _c46378
_d46378